00473 2200193 4500245004500000020001800045250001100063100001700074700001800091700002200109650001700131005001900148260003100167041001400198084001300212300003400225336000900259338001100268 aWhen Love Is GrowingcSaki, ShiumihText a9789792344080 aCet. 1 aSaki, Shiumi aSri Nurhayati aAndithy Crista S. aKomik Jepang a20230203140441 aJakartabPT Gramediac2010 aIndonesia a741.5592 a... jil. :bilus. ;c17,5 cm. atext avolume